Armenia in Eurovision - 12 points - Statistics

General Stats
  • This quiz has been taken 54 times
    32 since last reset
  • The average score is 40 of 44
Answer Stats
Hint Answer % Correct
2016 (Jury) France
100%
2024 (Jury) France
100%
2024 (Televote) France
100%
2006 SF Russia
100%
2006 Russia
100%
2007 Russia
100%
2008 SF Russia
100%
2008 Russia
100%
2009 Russia
100%
2011 SF Russia
100%
2015 Russia
100%
2016 SF (Televote) Russia
100%
2016 (Televote) Russia
100%
2019 SF (Televote) Russia
100%
2019 (Televote) Russia
100%
2010 SF Georgia
96%
2010 Georgia
96%
2013 SF Georgia
96%
2015 SF Georgia
96%
2023 SF (Televote) Georgia
96%
2011 Ukraine
96%
2013 Ukraine
96%
2014 SF Ukraine
96%
2022 SF (Televote) Ukraine
96%
2024 SF (Televote) Greece
92%
2018 SF (Jury) Israel
92%
2023 (Jury) Israel
92%
2023 (Televote) Israel
92%
2022 (Jury) Spain
88%
2018 (Jury) Sweden
88%
2019 SF (Jury) Sweden
88%
2019 (Jury) Sweden
88%
2017 (Jury) Portugal
85%
2022 SF (Jury) Netherlands
81%
2007 SF Belarus
77%
2022 (Televote) Estonia
77%
2009 SF Iceland
77%
2017 SF (Jury) Cyprus
73%
2017 SF (Televote) Cyprus
73%
2017 (Televote) Cyprus
73%
2018 SF (Televote) Cyprus
73%
2018 (Televote) Cyprus
73%
2016 SF (Jury) Malta
65%
2014 Montenegro
54%
No matching quizzes found
Score Distribution
Percent of People with Each Score
Percentile by Number Answered
Your Score History
You have not taken this quiz since the last reset